Christianity in Ghana : (Record no. 7669)
[ view plain ]
| 000 -LEADER | |
|---|---|
| fixed length control field | 01034nam a22001697a 4500 |
| 020 ## - INTERNATIONAL STANDARD BOOK NUMBER | |
| ISBN | 9789988755157 |
| 050 ## - CALL NUMBER | |
| Classification number | BR1463.G5 |
| Item number | . F71 |
| 100 ## - AUTHOR | |
| Personal name | Foli, Richard |
| 245 ## - TITLE | |
| Title | Christianity in Ghana : |
| Remainder of title | a comparative church growth study |
| Statement of responsibility, etc | Richard Foli ; foreword by Elom Dovlo. |
| 260 ## - PUBLICATION INFORMATION | |
| Place of publication | Accra, Ghana : |
| Name of publisher | Trust Publishers, |
| Year of publication | 2006 |
| 300 ## - DESCRIPTION | |
| Number of Pages | xvi, 317 pages : |
| Other physical details | illustrations, map ; |
| Dimensions | 23 cm |
| 505 ## - FORMATTED CONTENTS NOTE | |
| Table of Content | <br/>Contents: 1. Introduction --<br/>PART ONE. THE GHANAIAN CHURCH: HISTORY AND TYPOLOGY --<br/>2. The Ghanaian church in retrospect --<br/>3. The Ghanaian church today --<br/>PART TWO. MEMBERSHIP TRENDS --<br/>4. Towards a growing Ghanaian church --<br/>5. Membership trends --<br/>6. Growth in number of churches/church attendance --<br/>PART THREE. THE FUTURE OF THE CHURCH IN PERSPECTIVE --<br/>7. Hindrances to growth --<br/>8. The challenge of unreached peoples --<br/>9. The future of the Ghanaian church.<br/> |
| 650 ## - SUBJECTS | |
| Topical Term | Christianity -- Ghana. |
| 650 ## - SUBJECTS | |
| Topical Term | Church growth -- Ghana. |
| 650 ## - SUBJECTS | |
| Topical Term | Ghana -- Church history. |
| 942 ## - ADDED ENTRY ELEMENTS (KOHA) | |
| Koha item type | Books |
| Withdrawn status | Lost status | Home library | Current library | Shelving location | Date acquired | Full call number | Accession Number | Koha item type | Collection code |
|---|---|---|---|---|---|---|---|---|---|
| Methodist University Library Main | Methodist University Library Main | General Stacks | 04/06/2021 | BR1463.G5 . F71 | 29385 | Books | |||
| Methodist University Library Main | Methodist University Library Main | General Stacks | 04/06/2007 | BR1463.G5 . F71 | 29386 | Books | |||
| Methodist University Library Main | Methodist University Library Main | General Stacks | 04/06/2007 | BR1463.G5 . F71 | 29387 | Books | Reference | ||
| Methodist University Library Main | Methodist University Library Main | General Stacks | 04/06/2007 | BR1463.G5 . F71 | 29388 | Books | Reference | ||
| Methodist University Library Main | Methodist University Library Main | General Stacks | 04/06/2007 | BR1463.G5 . F71 | 29384 | Books |